000 00808nam a22001697a 4500
020 _a9788131521724
082 _a338.5
100 _aSynder, Christopher
245 _aMicroeconomic theory:basic principles and extensions
250 _a11th
260 _aAndover
_bCengage learning
_c2012
300 _a738
942 _cBK
999 _c2475
_d2475